000
00242 a2200097 4500
001
40807
100
_a
Lexicon Pubs
245
_a
Lexicon Universal Encyclopedia (Vol-VI)
260
_a
New York
_b
Lexicon Publications
_c
090
_c
25069
_d
25069
942
_a
NUST-CAE
_c
M
_c
16746
999
_c
275880
_d
275880